Intuition : the inside story : interdisciplinary perspectives /

Bibliographic Details
Other Authors: Davis-Floyd, Robbie, Arvidson, P. Sven
Format: Book
Language:English
Published: New York : Routledge, 1997.
Subjects:

MARC

Tag First Indicator Second Indicator Subfields
LEADER 00000cam a2200000 a 4500
001 in00001362467
005 20151006094057.0
008 961029s1997 nyu b 001 0 eng
010 |a  96037299  
020 |a 0415915937 (cloth) 
020 |a 0415915945 (pbk.) 
035 |a (OCoLC)35919202 
035 |9 AHK1988AM 
040 |a DLC  |c DLC  |d C#P  |d TXA  |d UtOrBLW 
049 |a TXAM 
050 0 0 |a BF315.5  |b .I48 1997 
082 0 0 |a 153.4/4  |2 21 
245 0 0 |a Intuition :  |b the inside story : interdisciplinary perspectives /  |c edited by Robbie Davis-Floyd and P. Sven Arvidson. 
264 1 |a New York :  |b Routledge,  |c 1997. 
300 |a xvii, 208 pages ;  |c 24 cm. 
336 |a text  |b txt  |2 rdacontent 
337 |a unmediated  |b n  |2 rdamedia 
338 |a volume  |b nc  |2 rdacarrier 
500 |a "A collaborative project of the Academy of Consciousness Studies, Princeton Engineering Anomalies Research Laboratory, Princeton University." 
504 |a Includes bibliographical references and index. 
650 0 |a Intuition. 
650 0 |a Intellect. 
650 0 |a Mind and body. 
700 1 |a Davis-Floyd, Robbie. 
700 1 |a Arvidson, P. Sven. 
999 |a MARS 
999 f f |s 2c95db88-93da-3ef6-a0b3-1a28ca99de69  |i 7a7128fa-99ac-30b5-bc54-78e766239cd7  |t 0 
952 f f |p ric  |a Texas A&M University  |b Rellis Campus  |c Joint Library Facility  |d Remote Storage  |t 0  |e BF315.5 .I48 1997  |h Library of Congress classification  |i unmediated -- volume  |m A14821310750 
998 f f |a BF315.5 .I48 1997  |t 0  |l Remote Storage